Statistics for Every Wolves Manager

Click here to take the quiz!

General Stats

  • This quiz has been taken 8 times
  • The average score is 9 of 33

Answer Stats

YearsManager% Correct
2017-2021Nuno Espirito Santo
100%
2021-PresentBruno Lage
75%
2006-2012Mick McCarthy
75%
2001-2004Dave Jones
63%
2012Terry Connor
63%
1968-1976Bill McGarry
38%
1985Bill McGarry
38%
2013-2016Kenny Jacket
38%
2016-2017Paul Lambert
38%
2016Walter Zenga
38%
1998-2000Colin Lee
25%
2013Dean Saunders
25%
1994-1995Graham Taylor
25%
1965-1968Ronnie Allen
25%
1976-1978Sammy Chung
25%
1948-1964Stan Cullis
25%
1922-1924George Jobey
13%
1877-1885George Worrall
13%
2004-2006Glenn Hoddle
13%
1982-1984Graham Hawkins
13%
1986-1994Graham Turner
13%
1982Ian Greaves
13%
1978-1982John Barnwell
13%
1927-1944Major Frank Buckley
13%
1995-1998Mark McGhee
13%
1985-1986Sammy Chapman
13%
1984-1985Tommy Docherty
13%
1924-1926Albert Hoskins
0%
1964-1965Andy Beattie
0%
1926-1927Fred Scotchbrook
0%
1885-1922Jack Addenbrooke
0%
2012-2013Stale Stolbakken
0%
1944-1948Ted Vizard
0%

Score Distribution

Percentile by Number Answered

Percent of People with Each Score

Your Score History

You have not taken this quiz